La reforma de la Ley de Extranjería una visión crítica desde los Derechos Humanos Ley Orgánica 2/2009 de 11 de enero sobre derechos y libertades de los extranjeros en España y su integración social (Registro nro. 39935)
[ vista simple ]
| 000 -CABECERA | |
|---|---|
| Longitud fija campo de control | 01252naa a2200301 c 4500 |
| 001 - NÚMERO DE CONTROL | |
| Número de control | 39935 |
| 003 - IDENTIFICADOR DE NÚMERO DE CONTROL | |
| Identificador del número de control | ES-MaCES |
| 005 - FECHA Y HORA DE LA ÚLTIMA TRANSACCIÓN | |
| Fecha y hora de la última transacción | 20250324174820.0 |
| 008 - CAMPO FIJO DE DESCRIPCIÓN FIJA--INFORMACIÓN GENERAL | |
| Códigos de información de longitud fija | 100301n2009 sp t 000 | spa d |
| 035 ## - NÚMERO DE CONTROL DEL SISTEMA | |
| Número de control del sistema | CES20100002732v |
| 040 ## - FUENTE DE CATALOGACIÓN | |
| Centro catalogador de origen | ES-MaCES |
| Lengua de catalogación | spa |
| Centro transcriptor | ES-MaCES |
| 100 1# - ENCABEZAMIENTO PRINCIPAL--NOMBRE PERSONAL | |
| Nombre de persona | Aguelo Navarro, Pascual |
| 9 (RLIN) | 5664 |
| 245 13 - MENCIÓN DE TÍTULO | |
| Título | La reforma de la Ley de Extranjería una visión crítica desde los Derechos Humanos Ley Orgánica 2/2009 de 11 de enero sobre derechos y libertades de los extranjeros en España y su integración social |
| Mención de responsabilidad, etc. | Pascual Aguelo Navarro, Ángel G. Chueca Sancho |
| 610 17 - ASIENTO SECUNDARIO DE MATERIA--NOMBRE CORPORATIVO | |
| Nombre de entidad corporativa o nombre de jurisdicción como elemento inicial | España |
| Título de la obra | Ley de extranjería, 2000 |
| Fuente de encabezamiento o término | |
| 9 (RLIN) | 3185 |
| 650 #4 - ASIENTO SECUNDARIO DE MATERIA--TÉRMINO DE MATERIA | |
| Término de materia o nombre geográfico como elemento inicial | España |
| 9 (RLIN) | 26964 |
| 650 #4 - ASIENTO SECUNDARIO DE MATERIA--TÉRMINO DE MATERIA | |
| Término de materia o nombre geográfico como elemento inicial | derechos económicos y sociales |
| 9 (RLIN) | 29875 |
| 650 #4 - ASIENTO SECUNDARIO DE MATERIA--TÉRMINO DE MATERIA | |
| Término de materia o nombre geográfico como elemento inicial | obligaciones |
| 9 (RLIN) | 31081 |
| 650 #4 - ASIENTO SECUNDARIO DE MATERIA--TÉRMINO DE MATERIA | |
| Término de materia o nombre geográfico como elemento inicial | procedimiento administrativo |
| 9 (RLIN) | 30919 |
| 650 #4 - ASIENTO SECUNDARIO DE MATERIA--TÉRMINO DE MATERIA | |
| Término de materia o nombre geográfico como elemento inicial | política migratoria |
| 9 (RLIN) | 29183 |
| 650 #4 - ASIENTO SECUNDARIO DE MATERIA--TÉRMINO DE MATERIA | |
| Término de materia o nombre geográfico como elemento inicial | inmigración |
| 9 (RLIN) | 28632 |
| 650 #4 - ASIENTO SECUNDARIO DE MATERIA--TÉRMINO DE MATERIA | |
| Término de materia o nombre geográfico como elemento inicial | extranjero |
| 9 (RLIN) | 28630 |
| 653 10 - TÉRMINO DE INDEXACIÓN--NO CONTROLADO | |
| Término no controlado | Jurisprudencia |
| 700 1# - ENCABEZAMIENTO SECUNDARIO--NOMBRE PERSONAL | |
| Nombre de persona | Chueca Sancho, Ángel G. |
| 9 (RLIN) | 9627 |
| 773 0# - ENTRADA DE DOCUMENTO FUENTE | |
| Título | Revista de derecho migratorio y extranjería |
| Parte(s) relacionada(s) | n. 22 (nov. 2009){55/1090 R. 075978}; p. 109-145 |
| Número de control del registro relacionado | (ES-MaCES)26041 |
| Itemnumber del ítem fuente | 79817 |
| 902 ## - CES. TIPO DE DOCUMENTO | |
| Tipodoc (006$c Sirtex) | ART Artículo de revista |
| 942 ## - ELEMENTOS KOHA | |
| Fuente de clasificaión o esquema | Clasificación propia del CES |
| Koha [por defecto] tipo de item | Artículos (1982-2017) |
| Parte de clasificación | 6.2. |
No hay ítems disponibles.
